000 01245nam a22002537a 4500
999 _c59721
_d59721
003 Ge_BSU
005 20230406103707.0
008 230406s1988 ge ||||| |||| 00| 0 geo d
041 _ageo
080 _a821.353.1(092ჭავჭავაძე, ი.) ი-44
245 _aილია ჭავჭავაძე 150 /
_b[კრებული].
264 _aპარიზი :
_bქართულ-ევროპული ინსტიტუტი,
_c1988.
300 _a144 გვ. ;
_b20 სმ.
500 _aპარალელური თავფურცელი ფრანგულ ენაზე.
653 _aჭავჭავაძე ილია., 1837-1907
653 _aქართველი მწერლები
700 _aკედია, სპირიდონ
_eავტორი
_917508
700 _aამირეჯიბი, შალვა
_eავტორი
_917509
700 _aწერეთელი, მიხაკო
_eავტორი
_917510
700 _aს.ქ.,
_eავტორი
_917511
700 _aქავთარაძე, მ.,
_eავტორი
_917512
700 _aკაშია, ჯანრი
_eავტორი
_91578
942 _2udc
_cBK